000 nam a22 a 4500
999 _c145233
_d145233
003 BLK
005 20230126160205.0
008 180410b bul|||||r ||||||| ||bul||
010 _aKNG00151406000
040 _aBLK
041 _aBUL
_cBUL
080 _aЕстонска литература
_b821.511.113
_x-93-32
_z821.511.113-93-32
100 1 _aРауд, Ено
_eпърви автор
_9115364
139 _aРауд, Ено
_bР 38
245 1 0 _aМаншон, Полуобувка и Мъхеста брада
_bПриказна повест за деца
_cЕно Рауд; прев. от ест. Дора Стоянова Янева; худож. Едгар Валтер; * Дора Стоянова Янева-Медникарова.
257 _aEST
260 _aСофия
_bОтечество
_c1980
300 _a272 с.
_bс ил.
_c24 см
380 _aDX
490 _aБиблиотека Вълшебници
_9202267
500 _aОриг. загл. Naksitrallid / Eno Raud. - 60 115 тир.
653 _aприказни повести
653 _aдетска литература
653 _aлитература за деца
700 1 _aЯнева, Дора Стоянова
_eпрев. от ест.
_9328607
700 1 _aВалтер, Едгар
_eхудож.
_9328608
700 1 _aЯнева-Медникарова, Дора Стоянова
_e*
_9365173
852 _aЦб 262626
856 4 _qpdf
_i2.07
_ldisable
856 4 _qpdf
_i2.07
_ldisable
942 _cKNG
_n0
_06
_s1
944 _aCR
_c04.10.2013
_lф / 04.10.2013
_kВиолета_Тройчева
944 _aED
_c07.12.2017
_lф / 04.10.2013
_kВиолета_Тройчева
999 _d145233